Southern ocean atlas
Guardat en:
| Autors principals: | , , |
|---|---|
| Format: | Llibre |
| Idioma: | anglès |
| Publicat: |
Nueva York
Columbia University Press
1982
|
| Matèries: | |
| Etiquetes: |
Afegir etiqueta
Sense etiquetes, Sigues el primer a etiquetar aquest registre!
|
MARC
| LEADER | 00000nam a2200000 a 4500 | ||
|---|---|---|---|
| 001 | UCU8668 | ||
| 003 | CL-VaPUC | ||
| 008 | 960802e19820000US |||||||||||||||||eng|d | ||
| 082 | 0 | 4 | |a 912.19 |b GOR |2 21 |
| 100 | 0 | |a Gordon, Arnold L |e author |9 368009 | |
| 700 | 0 | |a Molinelli, Eugene J |e author |9 368010 | |
| 700 | 0 | |a Baker, Ted N |e author |9 368011 | |
| 245 | 1 | 0 | |a Southern ocean atlas |
| 300 | |a pág. irreg | ||
| 942 | |c BK | ||
| 945 | |d 19960802 00:00:00 |a rbrito | ||
| 260 | |a Nueva York |b Columbia University Press |c 1982 | ||
| 500 | |a I. Thermohaline and chemical distributions and the atlas data set Gordon and Molinelli II. Objetive contouring and the grid point data set | ||
| 650 | 0 | |a Oceanografía |9 260014 | |
| 650 | 0 | |a Mapas |9 260844 | |
| 650 | 7 | |a CARTAS NAUTICAS |2 CL-VaPUC |9 261114 | |
| 650 | 7 | |a SALINIDAD |2 CL-VaPUC |9 263023 | |
| 650 | 0 | |a Nitratos |9 368012 | |
| 650 | 7 | |a FOSFATOS |2 CL-VaPUC |9 368013 | |
| 651 | 7 | |a OCEANO ANTARTICO |2 CL-VaPUC |9 368014 | |
| 583 | |a last modification |c 20180123 05:40:18 |k Rodrigo Vera | ||
| 999 | |c 250939 |d 250937 | ||